00745 2200277 4500001002100000005001500021035002000036007000300056008004100059020001800100082001000118084002000128084002000148084002000168100002100188245010400209250000600313260003200319300003600351650001300387700001600400504001200416990001300428990001300441990001300454INLIS00000000000930020230623020711 a0010-0623000094ta230623 e 0 ind  a9786021947975 a910.7 a910.7 REZ g C.1 a910.7 REZ g C.2 a910.7 REZ g C.30 aRezzy Eko Caraka1 aGeographically Weighted Regression (GWR) :bsebuah pendekatan regresi geografis /cRezzy Eko Caraka a1 ayogyakarta :bMobius,c2017 a164 hlm. :bilus. ;c17 x 24 cm 4ageografi0 aHasbi Yasin a149-153 a023.3314 a023.3312 a023.3313